Statystyki dla Urzędnik samorządowy sprawujący władzę na danym obszarze.

Kliknij tutaj aby rozwiązać quiz!

Ogólne statystyki

  • Ten quiz został rozwiązany 15 razy
  • Średni wynik to 5 z 6

Statystyki odpowiedzi

Odpowiedź% Poprawnych
Burmistrz
100%
Wójt
100%
Sołtys
87%
Starosta
80%
Prezydent miasta
67%
Marszałek
53%

Rozkład punktacji

Percentyl według liczby udzielonych odpowiedzi

Procent ludzi z każdym wynikiem

Twoja historia wyników

Nie rozwiązałeś tego quizu